Zahraničných investorov priťahuje na Slovensko makroekonomická stabilita, odrádza ich politická situácia

Dôležité kritérium pre zahraničného investora je dobrá situácia z hľadiska makroekonomických veličín a stav legislatívy, ktorá reguluje zahraničné investície. Politická a ekonomická situácia SR. Stav slovenského kapitálového trhu. Problémy investovania do akcií slovenských podnikov zahraničnými inve...

Description complète

Enregistré dans:
Détails bibliographiques
Auteur principal: Barto, M.
Format: Chapitre de livre
Langue:slovaque
Sujets:
Tags: Ajouter un tag
Pas de tags, Soyez le premier à ajouter un tag!

MARC

LEADER 00000naa a2200000 4500
001 r022207
005 20230921075838.9
041 0 |a slo 
044 |a SK 
245 1 0 |a Zahraničných investorov priťahuje na Slovensko makroekonomická stabilita, odrádza ich politická situácia  |c M. Barto 
520 |a Dôležité kritérium pre zahraničného investora je dobrá situácia z hľadiska makroekonomických veličín a stav legislatívy, ktorá reguluje zahraničné investície. Politická a ekonomická situácia SR. Stav slovenského kapitálového trhu. Problémy investovania do akcií slovenských podnikov zahraničnými investormi. Problémy investovania do dlhopisov. 
610 2 0 |a investície zahraničné 
610 2 0 |a investori 
610 2 0 |a Slovensko 
610 2 0 |a ukazovatele ekonomické 
610 2 0 |a legislatíva 
610 2 0 |a situácia hospodárska 
610 2 0 |a trh kapitálový 
610 2 0 |a akcie 
610 2 0 |a dlhopisy 
610 2 0 |a Vyšehradská štvorka 
100 1 |a Barto, M.